00855cam a22002411a 450000100100000000500170001000800410002701000130006803500200008104000230010104100090012404200120013305000210014508200150016610000320018124500540021326000360026730000200030391000340032395201180035795201230047599900150059800000614020200929151940.0860531s1961 ag 000 p spa  a63033003 a(OCoLC)13671981 aDO-SdBNPcRQAdDLC aBNGR apremarc00aPQ7797.D3975bP6 axxxbD448c1 aDescotte, Mario Luis91726910aPoema para un desconocido /cMario Luis Descotte. aBuenos Aires :bGalatea,c1961. a76 p. ;c21 cm. aCatalogación por copia / LC 001052728MOaGRbGRcBDd2009-08-26iLF1l0oxxx D448cp6140-10r2020-06-25w2020-06-25y2ZPréstamo interno 001052728MOaGRbGRcBDd2010-05-24iLF1l0oxxx D448cp6140-20r2020-06-25te.2w2020-06-25y2ZPréstamo interno c5936d5936